<?xml version="1.0" encoding="UTF-8"?><?xml-stylesheet type="text/xsl" href="static/style.xsl"?><OAI-PMH xmlns="http://www.openarchives.org/OAI/2.0/" xmlns:xsi="http://www.w3.org/2001/XMLSchema-instance" xsi:schemaLocation="http://www.openarchives.org/OAI/2.0/ http://www.openarchives.org/OAI/2.0/OAI-PMH.xsd"><responseDate>2026-04-14T02:51:08Z</responseDate><request verb="GetRecord" identifier="oai:www.recercat.cat:20.500.14342/2048" metadataPrefix="marc">https://recercat.cat/oai/request</request><GetRecord><record><header><identifier>oai:recercat.cat:20.500.14342/2048</identifier><datestamp>2025-03-11T20:23:49Z</datestamp><setSpec>com_2072_482405</setSpec><setSpec>com_2072_183628</setSpec><setSpec>col_2072_482411</setSpec></header><metadata><record xmlns="http://www.loc.gov/MARC21/slim" xmlns:dcterms="http://purl.org/dc/terms/" xmlns:xsi="http://www.w3.org/2001/XMLSchema-instance" xmlns:doc="http://www.lyncode.com/xoai" xsi:schemaLocation="http://www.loc.gov/MARC21/slim http://www.loc.gov/standards/marcxml/schema/MARC21slim.xsd">
   <leader>00925njm 22002777a 4500</leader>
   <datafield ind2=" " ind1=" " tag="042">
      <subfield code="a">dc</subfield>
   </datafield>
   <datafield ind2=" " ind1=" " tag="720">
      <subfield code="a">Gomis Bofill, Clara</subfield>
      <subfield code="e">author</subfield>
   </datafield>
   <datafield ind2=" " ind1=" " tag="260">
      <subfield code="c">2012-06</subfield>
   </datafield>
   <datafield ind2=" " ind1=" " tag="520">
      <subfield code="a">La  mort de la parella és un dels estressors més importants que afronten les persones en la vellesa. Tot i ser previsible, trenca amb un lligam de mútua interdependència i s’esdevé en un moment del cicle vital on conflueixen altres moltes pèrdues (físiques, socials, econòmiques...). Com afronten les persones grans aquest esdeveniment? Quins factors contribueixen a l’evolució del dol?

 

Aquest treball te per objectiu aprofundir en la significació i l’afrontament i de la pèrdua de la parella entre els adults grans. En primer lloc, revisarem les característiques especials en què s’emmarca el dol en la vellesa, característiques que inclouen tant factors de risc (pèrdua de relació de mútua interdependència) com de protecció (previsibilitat i experiència vital, entre d’altres). En un segon apartat, veurem les principals conseqüències biopsicosocials que es deriven de la pèrdua del cònjuge per a la persona gran i que afecten aspectes com la soledat, els canvis en els cercles de relacions socials, l’adaptació a una nova identitat i a unes noves circumstàncies econòmiques. Apuntarem algunes de les limitacions d’estudis previs sobre el dol abans d’explicar cinc patrons típics de resposta psicològica davant la pèrdua del cònjuge en la tercera i quarta edats. Finalment, repassarem alguns dels factors que incideixen en l’ajustament al dol per a considerar, en darrer lloc, les diferències de gènere observables en aquest procés.</subfield>
   </datafield>
   <datafield ind1="8" ind2=" " tag="024">
      <subfield code="a">http://hdl.handle.net/20.500.14342/2048</subfield>
   </datafield>
   <datafield tag="653" ind2=" " ind1=" ">
      <subfield code="a">Dol -- Aspectes psicològics</subfield>
   </datafield>
   <datafield tag="653" ind2=" " ind1=" ">
      <subfield code="a">Persones grans</subfield>
   </datafield>
   <datafield ind2="0" ind1="0" tag="245">
      <subfield code="a">El Dol en la vellesa : significació i afrontament de la pèrdua de la parella en les persones grans</subfield>
   </datafield>
</record></metadata></record></GetRecord></OAI-PMH>